Ley de procedimientos fiscales : texto legal ley no. 11683, t. o. en 1998 /
Guardado en:
| Formato: | Libro |
|---|---|
| Publicado: |
Buenos Aires :
Aplicación Tributaria,
1998
|
| Materias: | |
| Etiquetas: |
Agregar Etiqueta
Sin Etiquetas, Sea el primero en etiquetar este registro!
|
| LEADER | 00521nam a22001575a 4500 | ||
|---|---|---|---|
| 001 | CEM.cems009974 | ||
| 005 | 20100601094612.0 | ||
| 008 | 130507s1998##################000#0#####d | ||
| 003 | CEMS | ||
| 082 | 0 | 4 | |a 344.3 |
| 245 | 0 | 0 | |a Ley de procedimientos fiscales : |b texto legal ley no. 11683, t. o. en 1998 / |
| 260 | |a Buenos Aires : |b Aplicación Tributaria, |c 1998 | ||
| 300 | |a 186 p. | ||
| 653 | |a Ley de procedimientos fiscales | ||
| 653 | |a Ley no. 11.683 | ||
| 859 | |a CEMS |b BIB. CEMS - 11 de abril |h 344.3 |i Ar37 |p 20297.99 |t Ej.1 |v 1 2001 |3 1 2001 | ||
